Регионална библиотека "Любен Каравелов" - Русе

Първобитните люди (Запис номер 390036)

MARC детайли
000 -Лидер
Контролно поле с фиксирана дължина nam a22 a 4500
003 - Код на организацията, давaща контролен номер
Контролно поле BLK
005 - Дата и час на последна редакция
Контролно поле 20201014123834.0
008 - Елементи от данни с фиксирана дължина
fixed length control field 201014b bu ||||| |||| 00| 0 bu d
040 ## - Източник на каталожния запис
Идентификатор на билиотеката - собственик на записа BLK
041 ## - Код за език
Код за езика на текст/звукозапис или на отделно заглавие Български
Код за езика КДБФ Български
080 ## - УДК
Текстов определител УДК Антропогенезис. Произход на човека. Вж и 575.8
УДК код - определител по УДК 572.1/.4
УДК - код + определител 572.1/.4
100 ## - Редна дума - Автор
R(LIN) 1299
Автор Дьобиер, Шарл Мари
Авторска отговорност първи автор
245 ## - Сведения за заглавието
Заглавие Първобитните люди
Подзаглавни данни Антропологични беседи
Редно поле (дума) Шарл Дебер ; Прев. от рус. Триндафилов
260 ## - Област на издателските данни
9 (RLIN) 209596
Място на издаване, разпространение и проч. Пловдив
Име на издателя, разпространителя и проч. Христо Г. Данов
Година на издаване 1896
300 ## - Физическа характеристика
Страници 191 с.
Илюстрации и др. с ил.
Размери/Мащаб 25 см
380 ## - Жанр
Жанр Естествени науки. Математика
490 ## - СЕРИИ (Колекции)
9 (RLIN) 435080
Име на серия Колекция Редки и ценни издания
500 ## - Общи забележки
Забележка Съдържа и: За първобитните люди в България / К. Шкорпил
650 #0 - Допълнително описание по предмет – тема
9 (RLIN) 287987
Основно описание – тема или топоним Първобитно общество - бит и култура
653 #7 - Ключова дума – ненормативна
9 (RLIN) 194997
Ключова дума първобитно общество
700 ## - Други автори (авторска отговорност)
9 (RLIN) 1121
Лично име Триндафилов
Автороска отговорност (Описва отношението между автора и произведението) прев. от рус.
852 ## - Местоположение
Форматна сигнатура Рб 896
Фондова буква Редки и ценни
999 ## - СИСТЕМНИ КОНТРОЛНИ НОМЕРА
Koha biblionumber 390036
Koha biblioitemnumber 390036
942 ## - АРТИКУЛИ
Вид на библиотечния материал Книги
Скрит в OPAC Не
Периодичен библиозапис Да
944 ## - СЪЗДАВАНЕ И РЕДАКЦИЯ на ЗАПИСА
Създаване/Редакция Създаване
Дата на регистрацията/редакция 2020-10-14
Служител, извършил регистрацията/редакцията ВЙ
999 ## - СИСТЕМНИ КОНТРОЛНИ НОМЕРА
Koha biblioitemnumber 390036
Наличности
Код за отписване Код за изгубен артикул Източник на класификационната схема Код за повреда Коз за рестрикции Код за отдаване Артикулен № Име на библиотеката - собственик Име на библиотеката, в която се намира в момента Статус (Текущо местоположение) Дата на вписване в системата Местоположение - отдел Цена в лева Инвентарен номер Систематично азбучна сигнатура Баркод Цена в евро Служебен тип на артикула
  Не е изгубен Universal Decimal Classification Не е повреден само за читалня Специални фондове ( старопечатни, редки и ценни, фонд М. Арнаудов) 803581 Регионална библиотека "Любен Каравелов" Русе Регионална библиотека "Любен Каравелов" Русе Редки и ценни 2020-10-19 Редки и ценни 0.15 9256 Рб 896 900000036372 0.08 Книги
Vip Innovations Ltd, Rousse, Bulgaria 2025